Narkala marappa shetr. (Record no. 213669)
[ view plain ]
| 000 -LEADER | |
|---|---|
| fixed length control field | 00769nam a2200217Ia 4500 |
| 003 - CONTROL NUMBER IDENTIFIER | |
| control field | OSt |
| 005 - DATE AND TIME OF LATEST TRANSACTION | |
| control field | 20260527104624.0 |
| 008 - FIXED-LENGTH DATA ELEMENTS--GENERAL INFORMATION | |
| fixed length control field | 210719s1997 xx 000 0 und d |
| 040 ## - CATALOGING SOURCE | |
| Transcribing agency | AL |
| 041 ## - LANGUAGE CODE | |
| Language code of text/sound track or separate title | Tulu |
| 082 ## - DEWEY DECIMAL CLASSIFICATION NUMBER | |
| Classification number | T894.9 KARN |
| 100 ## - MAIN ENTRY--PERSONAL NAME | |
| Personal name | KARNATAK TULU SAHITYA AKADEMY |
| Dates associated with a name | ಕರ್ನಾಟಕ ತುಳು ಸಾಹಿತ್ಯ ಅಕಾಡೆಮಿ |
| 9 (RLIN) | 264659 |
| 245 ## - TITLE STATEMENT | |
| Title | Narkala marappa shetr. |
| Remainder of title | ನರ್ಕಳ ಮಾರಪ್ಪ ಶೆಟ್ರು |
| 260 ## - PUBLICATION, DISTRIBUTION, ETC. | |
| Place of publication, distribution, etc. | Mangaluru |
| Name of publisher, distributor, etc. | Karnataka tulu sahitya akademy. |
| Date of publication, distribution, etc. | 1997 |
| 300 ## - PHYSICAL DESCRIPTION | |
| Extent | 56 |
| Other physical details | PB |
| 365 ## - TRADE PRICE | |
| Price amount | 12 |
| Currency code | Rs |
| 440 ## - SERIES STATEMENT/ADDED ENTRY--TITLE | |
| Title | Madappiyeravandi tuluver- 12 |
| 9 (RLIN) | 264660 |
| 650 ## - SUBJECT ADDED ENTRY--TOPICAL TERM | |
| Topical term or geographic name entry element | Tulu Criticism |
| 9 (RLIN) | 264661 |
| 700 ## - ADDED ENTRY--PERSONAL NAME | |
| Personal name | M Raghunatha Shetty |
| Dates associated with a name | ಎಂ ರಘುನಾಥ ಶೆಟ್ಟಿ |
| 9 (RLIN) | 264662 |
| 942 ## - ADDED ENTRY ELEMENTS (KOHA) | |
| Source of classification or shelving scheme | Dewey Decimal Classification |
| Koha item type | Book |
| Withdrawn status | Lost status | Damaged status | Not for loan | Collection code | Home library | Current library | Date acquired | Cost, normal purchase price | Total Checkouts | Full call number | Barcode | Date last seen | Price effective from | Koha item type |
|---|---|---|---|---|---|---|---|---|---|---|---|---|---|---|
| Tulu | St Aloysius Library | St Aloysius Library | 06/11/2003 | 12.00 | T894.9 KARN | D02222 | 07/19/2021 | 07/19/2021 | Donated Books | |||||
| Tulu | St Aloysius Library | St Aloysius Library | 06/11/2003 | 12.00 | T894.9 KARN | D02223 | 07/19/2021 | 07/19/2021 | Donated Books |